วิทยาลัยพยาบาลบรมราชชนนี ยะลา
ระบบห้องสมุดอัตโนมัติ ULIBM BCNYALA - V.6
เปลี่ยนเป็นภาษาไทย

Change to English
 แสดงรายละเอียดบรรณานุกรม
  กลับหน้าหลัก

Brief Record : Get Marc (ISO 2709) : E-mail record : QR code ปิดหน้าต่าง
เทคนิคการอ่านเชิงวิชาการ Review โดย
ใช้งานได้ทุกระบบ
ห้องสมุดวพบ.ยะลา
ใช้งานได้ทุกระบบ เมื่อ9/เมษายน/2569
สารบัญ

บทที่ 1 ความรู้พื้นฐานเกี่ยวกับงานเขียนทางวิชาการ
บทที่ 2 การอ่านตำรา
บทที่ 3 การอ่านรายงานการวิจัย
บทที่ 4 การอ่านบทความวิชาการ
บทที่ 5 การอ่านจับใจความสำคัญงานเขียนทางวิชาการ
บทที่ 6 การเขียนบันทึกสาระสำคัญจากการอ่าน
บทที่ 7 การจัดทำบัตรบันทึกข้อมูลจากการอ่าน
 

E-books : เกี่ยวกับ Collections
LEADER 00000nam 2200000uu 4500
001    3838
003     ULIBM
008    260409s2563||||th 000 0 tha d
020    ^a9786164261808
050  4 ^aLB1050^bส183ท
100 0  ^aสถิตาภรณ์ ศรีหิรัญ
245 10 ^aเทคนิคการอ่านเชิงวิชาการ/^cสถิตาภรณ์ ศรีหิรัญ
250    ^aพิมพ์ครั้งที่ 3
260    ^aพิษณุโลก :^bสำนักพิมพ์มหาวิทยาลัยนเรศวร,^c2563.
300    ^a127หน้า :^bภาพประกอบ;^c26 ซม.
650  7 ^aการอ่าน
999    ^aฮัซวานี
รายการนี้ยังไม่มีแท็ก
คุณยังไม่ได้ล็อกอิน คุณสามารถมีกิจกรรมร่วมกับเว็บไซต์ได้ แต่ต้องล็อกอินก่อน ::
  ล็อกอิน
ลำดับที่ ประเภท เลขเรียก สถานที่ สถานะ
1. หนังสือทั่วไป
หนังสือทั่วไป
LB1050 ส183ท 2563 ฉ.1 
  
ห้องสมุดวพบ.ยะลา
►หนังสือทั่วไปภาษาไทย
On Shelf
2. หนังสือทั่วไป
หนังสือทั่วไป
LB1050 ส183ท 2563 ฉ.2 
  
ห้องสมุดวพบ.ยะลา
►หนังสือทั่วไปภาษาไทย
On Shelf
   [แสดง 2/2 รายการ]

รายการใกล้เคียง
    หัวเรื่อง [การอ่าน]

BibComment


ยังไม่เคยถูกคอมเมนท์

คอมเมนท์ทรัพยากรรายการนี้
  คอมเมนท์: เทคนิคการอ่านเชิ..
Bib 3838

 
 
 

 Union Library Management : ULibM

ดูหนังออนไลน์

Copyright 2026. All Rights Reserved.